| 000 | 00693nam a22002177a 4500 | ||
|---|---|---|---|
| 999 |
_c17158 _d17158 |
||
| 003 | AR-CdUCM | ||
| 008 | 190507b ||||| |||| 00| 0 spa d | ||
| 040 |
_aMUNICIPALIDAD PROVINCIAL DEL CUSCO _cBIBLIOTECA MUNICIPAL DEL CUSCO |
||
| 082 |
_a320.157 / _bM58 |
||
| 100 |
_aMills, C. Wright _91996 |
||
| 245 | _aPoder, política, pueblo / | ||
| 260 |
_aMéxico : _bFondo de Cultura Económica, _c1964. |
||
| 300 |
_a480 páginas ; _c23 cm. |
||
| 505 | _aContenido: Poder -- Política -- Pueblo. | ||
| 650 |
_aPolítica _9291 |
||
| 650 |
_aSociología _9276 |
||
| 650 |
_aCiencias sociales _91096 |
||
| 700 |
_aHorowitz, Irving L. _937014 |
||
| 942 |
_2ddc _cLIBROS |
||
| 945 |
_adavv _d07/05/2019 |
||